Old Ships - Statistics

General Stats
  • This quiz has been taken 7 times
  • The average score is 6 of 16
Answer Stats
Picture Answer % Correct
RMS Olympic
71%
RMS Queen Elizabeth
71%
RMS Aquitania
57%
SS Stockholm
57%
RMS Mauretania
43%
SS America
43%
SS France
43%
SS Normandie
43%
SS United States
43%
MS Kungsholm
29%
RMS Empress of Britain
29%
SS Ile de France
29%
SS Kaiser Wilhelm der Grosse
29%
SS Raffaello
14%
SS Rotterdam
14%
SS Eugenio Costa
0%
No matching quizzes found
Score Distribution
Percent of People with Each Score
Percentile by Number Answered
Your Score History
You have not taken this quiz